| 000 | 00983nam a2200241 i 4500 | ||
|---|---|---|---|
| 001 | 187823 | ||
| 003 | ES-MaACL | ||
| 005 | 20250804072252.0 | ||
| 008 | 180309s1973 sp |||| | spa d | ||
| 080 | _a336(46)"18" | ||
| 100 | 1 |
_aFontana, Josep, _d1931-2018 _951600 |
|
| 245 | 1 | 0 |
_aHacienda y Estado en la crisis final del Antiguo Régimen español _b: 1823-1833. |
| 260 |
_a[Madrid] : _bInstituto de Estudios Fiscales, _c[1973] |
||
| 300 |
_a360 p. ; _c19 cm. |
||
| 490 | 1 |
_aLibros de bolsillo. Instituto de Estudios Fiscales ; _v24 |
|
| 504 | _aBibliografía: p. 343-360. | ||
| 594 | _aPrecede al tít.: Ministerio de Hacienda. | ||
| 650 | 0 | 0 |
_aHacienda pública- _zEspaña- _yS.XIX _9227084 |
| 710 | 2 |
_aInstituto de Estudios Fiscales (España) _9169207 |
|
| 830 | 1 | 0 |
_aLibros de bolsillo (Instituto de Estudios Fiscales) _v24 _9225625 |
| 852 |
_aES-MaACL _jL-31886 _z- Donat. herederos de la bibl. de Mª del Pilar Costa Palacín |
||
| 999 |
_c187823 _d187823 |
||